"A mi csodálatos vasúti korszakunk"
Elmentve itt :
| Szerző: | |
|---|---|
| Adatforrás: | Meister |
| Forrásdokumentuma: | A Hét. - 4 sz., 1993, 11 p. |
| Nyelv: | magyar |
| Kulcsszavak: | gazdaságtörténet sajtó vasút Erdély Székelyföld Erdélyi Gazda |
| LEADER | 00456nab a2200181 i 4500 | ||
|---|---|---|---|
| 001 | bibPRO00006607 | ||
| 008 | 060524s1993 xx hun | ||
| 040 | |a Sz1 | ||
| 041 | |a hun | ||
| 100 | 1 | |a LÁZÁR Edit | |
| 245 | 1 | 3 | |a "A mi csodálatos vasúti korszakunk" |c LÁZÁR Edit |
| 695 | |a gazdaságtörténet | ||
| 695 | |a sajtó | ||
| 695 | |a vasút | ||
| 695 | |a Erdély | ||
| 695 | |a Székelyföld | ||
| 695 | |a Erdélyi Gazda | ||
| 773 | 0 | |t A Hét. - |g 4 sz., 1993, 11 p. | |